Central Library OPAC University of Rajshahi

Study of Physical properties and Modelling of Sio and V,O, Sandwich Devices / (Record no. 80552)

MARC details
000 -LEADER
fixed length control field 00916nam a2200217 a 4500
001 - CONTROL NUMBER
RUCL Control Number 80552
003 - CONTROL NUMBER IDENTIFIER
rucl marc code BD-RjUL
005 - DATE AND TIME OF LATEST TRANSACTION
control field 20221018094713.0
008 - FIXED-LENGTH DATA ELEMENTS--GENERAL INFORMATION
fixed length control field 221018s1997 bg a|||| m||| 00| 0 eng d
035 ## - SYSTEM CONTROL NUMBER
system control number (BD-RjUL)80552
040 ## - CATALOGING SOURCE
Original cataloging agency BD-RjUL
Language of cataloging eng
Transcribing agency BD-RjUL
Modifying agency BD-RjUL
082 ## - DEWEY DECIMAL CLASSIFICATION NUMBER
Classification number 530.41
Author mark and Year SAT 1997
DDC Edition number 23
100 ## - MAIN ENTRY--PERSONAL NAME
Personal name Sakar, Md. Jamshed Ali
9 (RLIN) 5303
245 01 - TITLE STATEMENT
Title Study of Physical properties and Modelling of Sio and V,O, Sandwich Devices /
Statement of responsibility, etc Md. Jamshed Ali Sakar ;
260 ## - PUBLICATION, DISTRIBUTION, ETC. (IMPRINT)
Place of publication, distribution, etc Rajshahi :
Name of publisher, distributor, etc Department of physics, University of Rajshahi,
Date of publication, distribution, etc 1997
300 ## - PHYSICAL DESCRIPTION
Pagination ii, 69 Leaves :
Other physical details ill, ;
Dimensions 29 cm.
502 ## - DISSERTATION NOTE
Dissertation note Thesis (Ph. D.) -- Department of physics, University of Rajshahi 1997
504 ## - BIBLIOGRAPHY, ETC. NOTE
Bibliography, etc References : Leaves 63-68
650 ## - SUBJECT ADDED ENTRY--TOPICAL TERM
Topical term or geographic name as entry element Physics
Form subdivision Solid-State Physics
9 (RLIN) 5304
942 ## - ADDED ENTRY ELEMENTS (KOHA)
Source of classification or shelving scheme Dewey Decimal Classification
Koha item type Theses

No items available.